000
00339nam a22001457a 4500
999
_c
8908
_d
8908
003
OSt
008
200713b ||||| |||| 00| 0 eng d
100
_a
Kokare , Chandrakant
245
_a
Research Methodology
250
_a
4th,2018
260
_a
New Delhi
_b
Nirali
300
_a
Misc
650
_a
Pharmacy General Books
942
_2
ddc
_c
BK